000 01253nam a2200325 a 4500
001 ebr10674918
003 CaPaEBR
006 m u
007 cr cn|||||||||
008 090409s2009 nyua sb 001 0 eng d
010 _z 2009015097
020 _z9781607411710 (hardcover)
020 _z9781617281273 (e-book)
040 _aCaPaEBR
_cCaPaEBR
035 _a(OCoLC)659558322
050 1 4 _aQE26.3
_b.A39 2009eb
082 0 4 _a720.28/8
_222
245 0 0 _aAdvances in geosciences and the built environment
_h[electronic resource] /
_cA.K. Haghi, editor.
260 _aHauppauge, N.Y. :
_bNova Science Publishers,
_cc2009.
300 _avi, 194 p. :
_bill. (some col.)
504 _aIncludes bibliographical references and index.
533 _aElectronic reproduction.
_bPalo Alto, Calif. :
_cebrary,
_d2013.
_nAvailable via World Wide Web.
_nAccess may be limited to ebrary affiliated libraries.
650 0 _aEarth sciences.
650 0 _aBuilding.
650 0 _aArchitecture
_xEnvironmental aspects.
655 7 _aElectronic books.
_2local
700 1 _aHaghi, A. K.
710 2 _aebrary, Inc.
856 4 0 _uhttp://site.ebrary.com/lib/rucke/Doc?id=10674918
_zAn electronic book accessible through the World Wide Web; click to view
999 _c57319
_d57319